000 00528nam a2200205Ia 4500
005 20241216010753.0
008 181213s9999||||xx |||||||||||||| ||und||
082 _a891.32
_bB81
100 _aBRAVO JOSE ANTONIO
245 0 _aBIOGRAFIA DE MARTIN ADAN
250 _a1
260 _aPERU
_bEDITORIAL SALESIANA
_c1988
300 _a100 pag
_c20 cm
341 _h0
490 _v0
_a0
505 _aANTOLOGIA MINIMA, POEMAS UNDERWOD, TRANCE DE PODER, MELGAR.
541 _d28-Nov-16
650 _aLITERATURA
942 _cLIBRO
999 _c23547
_d23547